000 00483nam a2200181Ia 4500
005 20250326142134.0
008 250326s9999 xx 000 0 und d
037 _aTextbook
040 _aFMSL
_beng
_cFMSL
041 _aeng
_2eng
084 _qFMSL
100 _aChattopadhyay S
245 0 _aManaging organisational change
_cChattopadhyay S; Pareek U
260 _aNew Delhi
_bNew Delhi, Oxford & IBH
_c1982
300 _a382p
942 _cTB
999 _c1293619
_d1293619